Historia general moderna : del renacimiento a la crisis del siglo XX / J. Vicens Vives del renacimiento a la crisis del siglo XX / J. Vicens Vives
Descripción Física:
2 v. ; 18 cm
Colección:
Vicens bolsillo ; 15, 16
Materias:
Història universal -- S. XV/XX
MARC
| LEADER | 00000nam a2200000Ia 4500 | ||
|---|---|---|---|
| 001 | 2240, 2241 | ||
| 008 | 160829s1984 xx 000 0 cat d | ||
| 080 | |a H-1-218, H-1-219 | ||
| 100 | |a Vicens Vives, Jaume |9 25605 | ||
| 245 | |a Historia general moderna : |b del renacimiento a la crisis del siglo XX / J. Vicens Vives | ||
| 250 | |a 2a reed. | ||
| 260 | |a Barcelona : |b Vicens Vives, |c 1984 | ||
| 300 | |a 2 v. ; |c 18 cm | ||
| 490 | |a Vicens bolsillo ; 15, 16 | ||
| 650 | |a Història universal |x S. XV/XX |9 38144 | ||
| 901 | |a Arxiu | ||
| 942 | |n 1 | ||
| 952 | |0 0 |1 0 |4 0 |6 H1218_H1219 |7 1 |9 48290 |a Arxiu |b Arxiu |d 2016-12-01 |l 0 |o H-1-218, H-1-219 |p 2240, 2241 |r 2016-12-01 00:00:00 |w 2016-12-01 |y ARXIU | ||
| 999 | |c 52096 |d 52096 | ||